000 004750000a22001930004500
001 1533
003 CO-MdFUSB
005 20170519180917.0
008 170519b xxu||||| |||| 00| 0 eng d
020 _a958-04-2599-X
040 _cCO-MdBIC
082 0 4 _a863C TN63y
100 1 _aWeinman Sharmat, Marjorie
245 1 0 _aYo, el gran Fercho / Marjorie Weinman Sharmat
260 _aBogotá : Norma
300 _a63 P.
500 _aPara primeros lectores
942 _cLGB
999 _c48693
_d48693